| 000 | 00550nam a2200241 a 4500 | ||
|---|---|---|---|
| 001 | nice12345678 | ||
| 003 | IN_TiNIC | ||
| 005 | 20260116011731.0 | ||
| 008 | 050524s1904 lona grp 000 0 eng | ||
| 020 |
_a _c100 |
||
| 082 | 0 | 0 |
_a234.2 _bWEL |
| 100 | _aWelsh, R E | ||
| 245 | _aIn Relief Or Doubt | ||
| 260 |
_aLondon _bH R Alleson _c1904 |
||
| 300 | _a110p | ||
| 500 | _aincludes index and biblioraphy | ||
| 505 | 2 | _aIndex | |
| 650 | _aFaith-Christianity | ||
| 700 | 1 | _aWelsh, R E | |
| 902 | _bSRS | ||
| 942 | _cBK | ||
| 999 |
_c3587 _d3587 |
||